| 000 | 00977nam a2200253 a 4500 | ||
|---|---|---|---|
| 001 | 000027588 | ||
| 005 | 20240314175048.0 | ||
| 008 | 110401s1999 dr ac r 000 0 spa d | ||
| 040 |
_aDO-SdBNP _bspa _cBNPHU |
||
| 082 |
_a972.94 _bL817i, 1999 |
||
| 100 | 1 |
_aLockward, Angel, _911034 |
|
| 245 | 1 | 3 |
_aLa isla del derecho : _b...y cada uno en su lado / _cAngel Lockward. |
| 250 | _a3a. ed. | ||
| 260 |
_aSanto Domingo : _bCentenario, _c1999. |
||
| 300 |
_a223 p. : _bil., retrs. ; _c23 cm. |
||
| 500 | _aIncluye datos biográficos del autor en la solapa de la cubierta | ||
| 650 | 4 |
_aHaití _xHistoria _943922 |
|
| 650 | 4 |
_aHaití _xPolítica y gobierno _913498 |
|
| 650 | 4 |
_aHaití _xRelaciones exteriores _zRepública Dominicana _954681 |
|
| 650 | 4 |
_aRepública dominicana _xRelaciones exteriores _zHaití _954682 |
|
| 651 | 4 |
_aRepública Dominicana _xHistoria Constitucional _96486 |
|
| 651 | 4 |
_aHaití _xHistoria Constitucional _954683 |
|
| 910 | _aValidado. Control de calidad MFF | ||
| 999 |
_c27080 _d27080 |
||